[Event "GER Cup Net V2 U2000"]
[Site "Playchess.com INT"]
[Date "2020.05.22"]
[Round "4"]
[White "Schroeder, Kai Uwe"]
[Black "Lerch, Martin Erik"]
[Result "1/2-1/2"]
[WhiteElo "1714"]
[BlackElo "1721"]
[PlyCount "24"]
[EventDate "2020.05.22"]
[EventType "swiss (blitz)"]
[EventRounds "9"]
[EventCountry "GER"]
[SourceTitle "EXT 2021"]
[Source "ChessBase"]
[SourceDate "2020.10.23"]
[SourceVersion "1"]
[SourceVersionDate "2020.10.23"]
[SourceQuality "1"]

1. e4 e6 2. d4 d5 3. exd5 exd5 4. Bd3 Bd6 5. Ne2 Qh4 6. Nd2 h6 7. Nf3 Qf6 8. 0-0 Ne7 9. Ng3 Bg4 10. Be2 0-0 11. c3 Nd7 12. Re1 c6 1/2-1/2

[Event "Harburg-chB 14th"]
[Site "Hamburg"]
[Date "2019.07.28"]
[Round "4.1"]
[White "Schroeder, Kai Uwe"]
[Black "Evers, Annika"]
[Result "1-0"]
[WhiteElo "1833"]
[BlackElo "1797"]
[PlyCount "59"]
[EventDate "2019.07.26"]
[EventType "tourn"]
[EventRounds "5"]
[EventCountry "GER"]
[SourceTitle "EXT 2020"]
[Source "ChessBase"]
[SourceDate "2019.10.17"]
[SourceVersion "1"]
[SourceVersionDate "2019.10.17"]
[SourceQuality "1"]

1. e4 c5 2. Nf3 Nc6 3. d3 e6 4. g3 g6 5. Bg2 Bg7 6. 0-0 Nge7 7. c3 d5 8. Nbd2 0-0 9. Nh4 b6 10. f4 f5 11. exf5 exf5 12. Re1 Ba6 13. Ndf3 Rb8 14. Ng5 Bc8 15. Ne6 Bxe6 16. Rxe6 Qd7 17. Qe1 b5 18. Bd2 d4 19. Rc1 Rf6 20. Re2 Rd6 21. c4 bxc4 22. Rxc4 Rxb2 23. Rxc5 Rxa2 24. Qb1 Ra6 25. Qb5 Rb6 26. Qc4+ Kh8 27. Qf7 h5 28. Bxc6 Nxc6 29. Nxg6+ Rxg6 30. Qxd7 1-0

[Event "Hamburg-ch MB"]
[Site "Hamburg"]
[Date "2019.06.11"]
[Round "4"]
[White "Schroeder, Kai Uwe"]
[Black "Kort, Felix"]
[Result "1/2-1/2"]
[WhiteElo "1873"]
[BlackElo "1654"]
[PlyCount "66"]
[EventDate "2019.06.08"]
[EventType "swiss"]
[EventRounds "9"]
[EventCountry "GER"]
[SourceTitle "EXT 2022"]
[Source "ChessBase"]
[SourceDate "2021.10.06"]
[SourceVersion "1"]
[SourceVersionDate "2021.10.06"]
[SourceQuality "1"]

1. e4 e5 2. Nf3 Nc6 3. Bb5 a6 4. Bxc6 dxc6 5. Nc3 f6 6. d4 exd4 7. Qxd4 Qxd4 8. Nxd4 Bd7 9. Be3 0-0-0 10. 0-0-0 Ne7 11. h4 h5 12. f3 Ng6 13. Nde2 Bd6 14. Na4 Kb8 15. Nc5 Bc8 16. Nd3 Rhe8 17. Nef4 Bxf4 18. Nxf4 Rxd1+ 19. Kxd1 Nxf4 20. Bxf4 Be6 21. a3 Rd8+ 22. Ke2 Bc4+ 23. Ke3 c5 24. b3 Bb5 25. c4 Be8 26. Rc1 Bf7 27. Rc3 Kc8 28. Rd3 Rxd3+ 29. Kxd3 Be6 30. Bd2 b6 31. Be3 a5 32. a4 Kd7 33. Bf4 Kc6 1/2-1/2

[Event "GER-chT Betriebe 18th"]
[Site "Altenberg Zinnwald"]
[Date "2018.11.09"]
[Round "3.1"]
[White "Schroeder, Kai Uwe"]
[Black "Guder, Sibylle"]
[Result "1/2-1/2"]
[WhiteElo "1873"]
[BlackElo "1785"]
[PlyCount "65"]
[EventDate "2018.11.08"]
[EventType "team-swiss"]
[EventRounds "7"]
[EventCountry "GER"]
[SourceTitle "EXT 2020"]
[Source "ChessBase"]
[SourceDate "2019.10.17"]
[SourceVersion "1"]
[SourceVersionDate "2019.10.17"]
[SourceQuality "1"]
[WhiteTeam "Hamburg Baubehoerde II"]
[BlackTeam "Berlin Tempelhof"]
[WhiteTeamCountry "GER"]
[BlackTeamCountry "GER"]

1. e4 c5 2. Nf3 d6 3. d4 cxd4 4. Qxd4 e6 5. Nc3 h6 6. Bb5+ Nc6 7. Be3 Bd7 8. Qd2 Nf6 9. h3 a6 10. Bc4 b5 11. Bd3 Be7 12. 0-0 Qc7 13. Nd4 Nxd4 14. Bxd4 e5 15. Be3 Bc6 16. f3 Qd8 17. a3 Nh5 18. Rfd1 Bg5 19. Bf1 Bxe3+ 20. Qxe3 Qc7 21. Rac1 0-0 22. Kh2 Rfd8 23. Rd2 Rac8 24. Rcd1 Rd7 25. Kg1 Rb8 26. Na2 Kf8 27. c3 Qd8 28. Nb4 Bb7 29. Nd3 Bc6 30. Nb4 Bb7 31. Nd3 Bc6 32. Nb4 Bb7 33. Nd3 1/2-1/2

[Event "Hamburg-ch MB"]
[Site "Hamburg"]
[Date "2018.05.25"]
[Round "7"]
[White "Schmuck, Martin"]
[Black "Schroeder, Kai Uwe"]
[Result "1-0"]
[WhiteElo "1881"]
[BlackElo "1860"]
[PlyCount "69"]
[EventDate "2018.05.19"]
[EventType "swiss"]
[EventRounds "9"]
[EventCountry "GER"]
[SourceTitle "EXT 2020"]
[Source "ChessBase"]
[SourceDate "2019.10.17"]
[SourceVersion "1"]
[SourceVersionDate "2019.10.17"]
[SourceQuality "1"]

1. e4 e6 2. f4 d5 3. e5 c5 4. Nf3 Nc6 5. c3 Qb6 6. Qb3 Na5 7. Qxb6 axb6 8. Bb5+ Bd7 9. Bxd7+ Kxd7 10. Na3 Ne7 11. Ng5 Ke8 12. Nb5 Kd7 13. Nxf7 Rg8 14. Rb1 h6 15. Nfd6 g5 16. 0-0 gxf4 17. Rxf4 Ng6 18. Rf7+ Be7 19. d4 Kc6 20. Bxh6 Bxd6 21. Nxd6 Nh4 22. g3 Rg6 23. Be3 Nc4 24. Kf2 Nxd6 25. exd6 Nf5 26. Rc7+ Kxd6 27. Bf4+ e5 28. Bxe5+ Ke6 29. a3 cxd4 30. cxd4 Rf8 31. Kg1 Ne3 32. Re1 Rf3 33. Rxb7 Kf5 34. Rf7+ Ke4 35. Rf4+ 1-0

[Event "Hamburg-ch MB"]
[Site "Hamburg"]
[Date "2018.05.22"]
[Round "4"]
[White "Schroeder, Kai Uwe"]
[Black "Gehn, Roland"]
[Result "1/2-1/2"]
[WhiteElo "1860"]
[BlackElo "1850"]
[PlyCount "25"]
[EventDate "2018.05.19"]
[EventType "swiss"]
[EventRounds "9"]
[EventCountry "GER"]
[SourceTitle "EXT 2020"]
[Source "ChessBase"]
[SourceDate "2019.10.17"]
[SourceVersion "1"]
[SourceVersionDate "2019.10.17"]
[SourceQuality "1"]

1. e4 c6 2. d3 d5 3. Nd2 dxe4 4. dxe4 Nf6 5. g3 Bg4 6. f3 Bd7 7. Nc4 g6 8. Bf4 Bg7 9. Qd2 b5 10. Ne5 Nh5 11. 0-0-0 Nxf4 12. Qxf4 0-0 13. Nxd7 1/2-1/2

[Event "Hamburg-ch MB"]
[Site "Hamburg"]
[Date "2018.05.19"]
[Round "1"]
[White "Ertelt, Alf"]
[Black "Schroeder, Kai Uwe"]
[Result "0-1"]
[WhiteElo "1757"]
[BlackElo "1860"]
[PlyCount "74"]
[EventDate "2018.05.19"]
[EventType "swiss"]
[EventRounds "9"]
[EventCountry "GER"]
[SourceTitle "EXT 2020"]
[Source "ChessBase"]
[SourceDate "2019.10.17"]
[SourceVersion "1"]
[SourceVersionDate "2019.10.17"]
[SourceQuality "1"]

1. d4 e6 2. Bf4 d5 3. Nf3 Bd6 4. Bg3 Nf6 5. e3 0-0 6. c3 c6 7. Be2 Ne4 8. Nbd2 f5 9. Ne5 Qc7 10. Ndf3 Nd7 11. 0-0 Nxg3 12. fxg3 Bxe5 13. dxe5 Nxe5 14. Qd4 Ng4 15. Rac1 Qb6 16. h3 Nf6 17. b4 Ne4 18. Kh2 Qc7 19. Qe5 Qf7 20. Qf4 Qf6 21. g4 fxg4 22. Qxf6 g3+ 23. Kg1 gxf6 24. Bd3 Nf2 25. Bb1 e5 26. c4 dxc4 27. Rxc4 Be6 28. Rh4 Rf7 29. a3 Rd8 30. Bc2 Rg7 31. Rc1 Bf7 32. a4 Bg6 33. Bb3+ Kh8 34. a5 a6 35. Rh6 Rgd7 36. Rh4 Rd3 37. Ba4 Ra3 0-1

[Event "Hamburg-ch MB"]
[Site "Hamburg"]
[Date "2017.06.03"]
[Round "1"]
[White "Schroeder, Kai Uwe"]
[Black "Mix, Clemens"]
[Result "1/2-1/2"]
[WhiteElo "1858"]
[BlackElo "1767"]
[PlyCount "38"]
[EventDate "2017.06.03"]
[EventType "swiss"]
[EventRounds "9"]
[EventCountry "GER"]
[SourceTitle "CBM 179 Extra"]
[Source "ChessBase"]
[SourceDate "2017.08.23"]
[SourceVersion "1"]
[SourceVersionDate "2017.08.23"]
[SourceQuality "1"]

1. e4 c5 2. Nf3 e6 3. Nc3 a6 4. g3 b5 5. Bg2 Bb7 6. d3 Be7 7. 0-0 Nf6 8. Nh4 d5 9. exd5 Nxd5 10. Nxd5 Bxd5 11. Nf3 0-0 12. Be3 Nd7 13. c3 Rc8 14. Qe2 Bf6 15. Rfd1 Qa5 16. d4 c4 17. Bf4 Rfd8 18. Qc2 h6 19. h4 Qb6 1/2-1/2

[Event "GER-chT Betriebe 16th"]
[Site "Dresden"]
[Date "2016.11.05"]
[Round "4.3"]
[White "Quast, Michael"]
[Black "Schroeder, Kai Uwe"]
[Result "1/2-1/2"]
[WhiteElo "1723"]
[BlackElo "1858"]
[PlyCount "38"]
[EventDate "2016.11.03"]
[EventType "team-swiss"]
[EventRounds "7"]
[EventCountry "GER"]
[SourceTitle "EXT 2020"]
[Source "ChessBase"]
[SourceDate "2019.10.17"]
[SourceVersion "1"]
[SourceVersionDate "2019.10.17"]
[SourceQuality "1"]
[WhiteTeam "Berlin Tempelhof II"]
[BlackTeam "Hamburg Transit II"]
[WhiteTeamCountry "GER"]
[BlackTeamCountry "GER"]

1. b3 e6 2. Bb2 Nf6 3. e3 d5 4. f4 c5 5. Bb5+ Nc6 6. Nf3 a6 7. Bxc6+ bxc6 8. Ne5 Qc7 9. 0-0 Bb7 10. d3 Rd8 11. Nd2 Qb6 12. c4 a5 13. Rb1 d4 14. e4 Nd7 15. Nxd7 Rxd7 16. e5 Be7 17. Qg4 g6 18. Ne4 h5 19. Qh3 Rd8 1/2-1/2

[Event "GER-chT Betriebe 16th"]
[Site "Dresden"]
[Date "2016.11.04"]
[Round "3.3"]
[White "Schroeder, Kai Uwe"]
[Black "Molzan, Andreas"]
[Result "1/2-1/2"]
[WhiteElo "1858"]
[BlackElo "1255"]
[PlyCount "107"]
[EventDate "2016.11.03"]
[EventType "team-swiss"]
[EventRounds "7"]
[EventCountry "GER"]
[SourceTitle "EXT 2020"]
[Source "ChessBase"]
[SourceDate "2019.10.17"]
[SourceVersion "1"]
[SourceVersionDate "2019.10.17"]
[SourceQuality "1"]
[WhiteTeam "Hamburg Transit II"]
[BlackTeam "Stuttgart Stern"]
[WhiteTeamCountry "GER"]
[BlackTeamCountry "GER"]

1. e4 e5 2. Nf3 Nc6 3. Bb5 Bc5 4. 0-0 Nf6 5. d3 a6 6. Bxc6 dxc6 7. Be3 Bxe3 8. fxe3 Bg4 9. Qe1 Qe7 10. Nbd2 0-0-0 11. Qg3 h5 12. Qxe5 Qd7 13. Qc5 Kb8 14. Ne5 Qe8 15. Ndf3 Bxf3 16. Rxf3 Nd7 17. Nxd7+ Qxd7 18. Qf5 Qxf5 19. Rxf5 f6 20. Raf1 Rde8 21. R1f3 Re6 22. Kf2 Kc8 23. Ke2 Kd7 24. Rh3 g6 25. Rf4 Ke7 26. Rfh4 Re5 27. Rf4 Ke6 28. d4 Rb5 29. b3 g5 30. Rf1 g4 31. Rh4 f5 32. e5 c5 33. Kd3 cxd4 34. exd4 c5 35. a4 Ra5 36. Rf4 cxd4 37. Rxd4 Rxe5 38. h3 Rd5 39. hxg4 fxg4 40. c4 Rxd4+ 41. Kxd4 Kf5 42. g3 Kg5 43. Rh1 h4 44. gxh4+ Rxh4 45. Rg1 Kf4 46. b4 Kf3 47. b5 axb5 48. axb5 Kf2 49. Rb1 g3+ 50. Kd5 g2 51. c5 Rh8 52. Rb2+ Kf1 53. Rb1+ Kf2 54. Rb2+ 1/2-1/2

[Event "GER-chT Betriebe 16th"]
[Site "Dresden"]
[Date "2016.11.03"]
[Round "2.3"]
[White "Limbourg, Marina"]
[Black "Schroeder, Kai Uwe"]
[Result "1-0"]
[WhiteElo "2028"]
[BlackElo "1858"]
[PlyCount "67"]
[EventDate "2016.11.03"]
[EventType "team-swiss"]
[EventRounds "7"]
[EventCountry "GER"]
[SourceTitle "EXT 2020"]
[Source "ChessBase"]
[SourceDate "2019.10.17"]
[SourceVersion "1"]
[SourceVersionDate "2019.10.17"]
[SourceQuality "1"]
[WhiteTeam "Duesseldorf Vodafone"]
[BlackTeam "Hamburg Transit II"]
[WhiteTeamCountry "GER"]
[BlackTeamCountry "GER"]

1. e4 e6 2. d4 d5 3. Nc3 dxe4 4. Nxe4 Bd7 5. Bd3 Bc6 6. Nf3 Nd7 7. 0-0 Ngf6 8. Ng3 Be7 9. Ne5 0-0 10. Nxc6 bxc6 11. Ne4 c5 12. dxc5 Nxc5 13. Nxf6+ Bxf6 14. Bxh7+ Kxh7 15. Qh5+ Kg8 16. Qxc5 Qd6 17. Qh5 Rab8 18. c3 Qd5 19. Qg4 Rfd8 20. Bh6 g6 21. Rad1 Qxa2 22. Rxd8+ Rxd8 23. Qf4 Bg7 24. Qxc7 Rd5 25. c4 Rf5 26. Qd8+ Kh7 27. Bxg7 Kxg7 28. Qd4+ Kg8 29. Rc1 Qa4 30. Qc3 Qc6 31. b4 Rf4 32. c5 a6 33. Rd1 Kf8 34. Qh8+ 1-0

[Event "GER-chT Betriebe 16th"]
[Site "Dresden"]
[Date "2016.11.03"]
[Round "1.3"]
[White "Schroeder, Kai Uwe"]
[Black "Gebert Vangeel, Ralf"]
[Result "0-1"]
[WhiteElo "1858"]
[BlackElo "2042"]
[PlyCount "117"]
[EventDate "2016.11.03"]
[EventType "team-swiss"]
[EventRounds "7"]
[EventCountry "GER"]
[SourceTitle "EXT 2020"]
[Source "ChessBase"]
[SourceDate "2019.10.17"]
[SourceVersion "1"]
[SourceVersionDate "2019.10.17"]
[SourceQuality "1"]
[WhiteTeam "Hamburg Transit II"]
[BlackTeam "Berlin Osram"]
[WhiteTeamCountry "GER"]
[BlackTeamCountry "GER"]

1. e4 e5 2. Nf3 Nc6 3. Bb5 Nf6 4. 0-0 Be7 5. Re1 d6 6. Bxc6+ bxc6 7. d4 exd4 8. Qxd4 0-0 9. h3 c5 10. Qd3 Bb7 11. Nc3 h6 12. b3 Re8 13. Bb2 Bf8 14. Nd5 Nxd5 15. exd5 Qd7 16. a4 c6 17. dxc6 Qxc6 18. Qb5 a6 19. Qxc6 Bxc6 20. Rad1 Rab8 21. Rxe8 Rxe8 22. Re1 f6 23. Rxe8 Bxe8 24. Kf1 Bg6 25. Ne1 Kf7 26. Ke2 Ke6 27. Nd3 Kd7 28. c4 Kc6 29. Bc3 Bf7 30. Nf4 Be7 31. Kd2 g5 32. Nd3 d5 33. Nb2 Bd8 34. Ke2 d4 35. Be1 Bc7 36. g4 h5 37. f3 hxg4 38. hxg4 Be6 39. Nd3 f5 40. gxf5 Bxf5 41. Bd2 g4 42. fxg4 Bxg4+ 43. Kf2 Bd1 44. Nc1 Bd8 45. Kg3 Bf6 46. Kf4 Bg7 47. Ke4 Bc2+ 48. Kf3 Kd6 49. Bf4+ Ke6 50. Bd2 Kf5 51. a5 Bd1+ 52. Kf2 Ke4 53. b4 cxb4 54. Bxb4 d3 55. Ke1 Ba4 56. Na2 Bb3 57. Bc3 Bf8 58. Bb4 Bh6 59. Nc1 0-1

[Event "GER-chT Betriebe 15th"]
[Site "Munich"]
[Date "2015.10.23"]
[Round "6.1"]
[White "Schroeder, Kai Uwe"]
[Black "Jacobsen, Ruediger"]
[Result "1/2-1/2"]
[WhiteElo "1858"]
[BlackElo "1523"]
[PlyCount "30"]
[EventDate "2015.10.22"]
[EventType "team-swiss"]
[EventRounds "7"]
[EventCountry "GER"]
[SourceTitle "EXT 2020"]
[Source "ChessBase"]
[SourceDate "2019.10.17"]
[SourceVersion "1"]
[SourceVersionDate "2019.10.17"]
[SourceQuality "1"]
[WhiteTeam "Hamburg Transit II"]
[BlackTeam "Bremen Airbus"]
[WhiteTeamCountry "GER"]
[BlackTeamCountry "GER"]

1. e4 e5 2. Nf3 Nc6 3. Bb5 Bc5 4. 0-0 d6 5. d3 Bd7 6. Be3 Nd4 7. Bxd7+ Qxd7 8. c3 Nxf3+ 9. Qxf3 Bb6 10. Na3 Ne7 11. Nc4 0-0 12. a4 f5 13. exf5 Qxf5 14. Qxf5 Nxf5 15. Bxb6 axb6 1/2-1/2

[Event "GER-chT Betriebe 14th"]
[Site "Dresden"]
[Date "2014.11.21"]
[Round "4.1"]
[White "Wirth, Volker"]
[Black "Schroeder, Kai Uwe"]
[Result "1/2-1/2"]
[WhiteElo "1717"]
[BlackElo "1858"]
[PlyCount "34"]
[EventDate "2014.11.20"]
[EventType "team-swiss"]
[EventRounds "7"]
[EventCountry "GER"]
[SourceTitle "EXT 2020"]
[Source "ChessBase"]
[SourceDate "2019.10.17"]
[SourceVersion "1"]
[SourceVersionDate "2019.10.17"]
[SourceQuality "1"]
[WhiteTeam "Stuttgart Sparkassen-Vers II"]
[BlackTeam "Hamburg Transit II"]
[WhiteTeamCountry "GER"]
[BlackTeamCountry "GER"]

1. d4 e6 2. c4 d5 3. Nc3 a6 4. e3 dxc4 5. Bxc4 b5 6. Be2 Bb7 7. Bf3 Bxf3 8. Nxf3 c5 9. dxc5 Qxd1+ 10. Nxd1 Bxc5 11. a3 Nf6 12. Nc3 Nbd7 13. b4 Be7 14. Bb2 Rc8 15. 0-0 0-0 16. Rac1 Nb6 17. Ne5 Rfd8 1/2-1/2

[Event "Hamburg St Pauli op-A"]
[Site "Hamburg"]
[Date "2011.07.13"]
[Round "6"]
[White "Schroeder, Kai Uwe"]
[Black "Knaak, Michael"]
[Result "1/2-1/2"]
[WhiteElo "1859"]
[BlackElo "1919"]
[PlyCount "24"]
[EventDate "2011.07.09"]
[EventType "swiss"]
[EventRounds "9"]
[EventCountry "GER"]
[SourceTitle "CBM 143 Extra"]
[Source "ChessBase"]
[SourceDate "2011.08.29"]
[SourceVersion "1"]
[SourceVersionDate "2011.08.29"]
[SourceQuality "1"]

1. e4 e6 2. d4 d5 3. exd5 exd5 4. Bd3 c5 5. Nf3 Nc6 6. c3 Bg4 7. Qe2+ Qe7 8. Qxe7+ Bxe7 9. Ne5 Nxe5 10. dxe5 c4 11. Be2 Bxe2 12. Kxe2 Bc5 1/2-1/2

[Event "Hamburg St Pauli op-A"]
[Site "Hamburg"]
[Date "2010.07.16"]
[Round "7"]
[White "Schroeder, Kai Uwe"]
[Black "Sabel, Reinhard"]
[Result "1/2-1/2"]
[WhiteElo "1832"]
[BlackElo "2024"]
[PlyCount "36"]
[EventDate "2010.07.10"]
[EventType "swiss"]
[EventRounds "9"]
[EventCountry "GER"]
[SourceTitle "EXT 2013"]
[Source "ChessBase"]
[SourceDate "2012.11.22"]
[SourceVersion "1"]
[SourceVersionDate "2012.11.22"]
[SourceQuality "1"]

1. e4 e5 2. Nf3 Nc6 3. Bb5 f5 4. d3 fxe4 5. dxe4 Nf6 6. 0-0 Bc5 7. Qe2 d6 8. Qc4 Qe7 9. Nc3 Bd7 10. Bg5 a6 11. Bxc6 Bxc6 12. Rfe1 h6 13. Be3 Bxe3 14. Rxe3 0-0-0 15. Nd5 Nxd5 16. exd5 Bb5 17. Qb4 Rdf8 18. Nxe5 Qf6 1/2-1/2

[Event "Hamburg St Pauli op-A"]
[Site "Hamburg"]
[Date "2010.07.13"]
[Round "4"]
[White "Mueller, Tobias"]
[Black "Schroeder, Kai Uwe"]
[Result "1-0"]
[WhiteElo "2055"]
[BlackElo "1832"]
[PlyCount "67"]
[EventDate "2010.07.10"]
[EventType "swiss"]
[EventRounds "9"]
[EventCountry "GER"]
[SourceTitle "EXT 2013"]
[Source "ChessBase"]
[SourceDate "2012.11.22"]
[SourceVersion "1"]
[SourceVersionDate "2012.11.22"]
[SourceQuality "1"]

1. c4 e6 2. g3 d5 3. Bg2 Nf6 4. Nf3 Bd6 5. 0-0 0-0 6. b3 Nbd7 7. d4 Re8 8. Nc3 c6 9. Bb2 dxc4 10. bxc4 e5 11. e3 exd4 12. exd4 Nf8 13. Qb3 Bg4 14. Ng5 Qb6 15. Qc2 Qa5 16. c5 Be7 17. Nd1 Bh5 18. Ne3 Bg6 19. Qb3 h6 20. Nf3 Be4 21. Ne5 Ne6 22. f3 Bd5 23. Nxd5 Nxd5 24. f4 Nec7 25. Qxb7 Rab8 26. Qxc6 Ne3 27. Rf2 Ne6 28. Qf3 Nxg2 29. Kxg2 Qc7 30. c6 Bd6 31. Nd7 Rb5 32. d5 Nf8 33. Qg4 Rxb2 34. Rxb2 1-0

[Event "Hamburg St Pauli op-A"]
[Site "Hamburg"]
[Date "2010.07.12"]
[Round "3"]
[White "Schroeder, Kai Uwe"]
[Black "Nachtkamp, Herbert"]
[Result "1/2-1/2"]
[WhiteElo "1832"]
[BlackElo "2102"]
[PlyCount "29"]
[EventDate "2010.07.10"]
[EventType "swiss"]
[EventRounds "9"]
[EventCountry "GER"]
[SourceTitle "EXT 2013"]
[Source "ChessBase"]
[SourceDate "2012.11.22"]
[SourceVersion "1"]
[SourceVersionDate "2012.11.22"]
[SourceQuality "1"]

1. e4 d5 2. exd5 Nf6 3. Nf3 Nxd5 4. d4 Bg4 5. h3 Bh5 6. c4 Nb6 7. Nc3 e6 8. g4 Bg6 9. Ne5 Nc6 10. Nxc6 bxc6 11. Bg2 Qd7 12. 0-0 Be7 13. Qf3 0-0 14. Qxc6 Qxd4 15. Nb5 1/2-1/2

[Event "Hamburg-chA"]
[Site "Hamburg"]
[Date "2010.05.28"]
[Round "7.5"]
[White "Schroeder, Kai Uwe"]
[Black "Ristic, Sreten"]
[Result "0-1"]
[WhiteElo "1743"]
[BlackElo "1807"]
[PlyCount "175"]
[EventDate "2010.05.22"]
[EventType "swiss"]
[EventRounds "9"]
[EventCountry "GER"]
[SourceTitle "EXT 2011"]
[Source "ChessBase"]
[SourceDate "2010.11.26"]
[SourceVersion "1"]
[SourceVersionDate "2010.11.26"]
[SourceQuality "1"]

1. e4 d5 2. exd5 Qxd5 3. Nc3 Qa5 4. d4 Bf5 5. Nf3 h6 6. Bc4 e6 7. 0-0 Be7 8. Bd2 c6 9. Re1 Qc7 10. Ne4 Nd7 11. Ng3 Bh7 12. Nh5 Bf6 13. Bf4 Qa5 14. Ne5 Ne7 15. Qe2 Bg8 16. c3 Nd5 17. Nd3 Bh7 18. Bd6 Bg6 19. Nhf4 Bxd3 20. Nxd3 Qd8 21. Be5 0-0 22. Qg4 b5 23. Bb3 Rc8 24. Rad1 Re8 25. Qe4 a6 26. Bc2 Qe7 27. Nc5 g6 28. Nb7 Nxe5 29. dxe5 Qxb7 30. exf6 Nxf6 31. Qh4 Kg7 32. Rd4 e5 33. Rd6 Qe7 34. Rdd1 c5 35. a3 c4 36. h3 Rc6 37. f4 Qc5+ 38. Kh1 exf4 39. Rxe8 Nxe8 40. Qxf4 Nf6 41. Qd4 Qxd4 42. Rxd4 Re6 43. Rd2 h5 44. Kg1 a5 45. Kf1 h4 46. Kf2 Re5 47. Kf3 Kh6 48. Kf2 Nh5 49. Rd4 Kg5 50. Rg4+ Kf6 51. Rxh4 Rd5 52. Rd4 Ke5 53. Rxd5+ Kxd5 54. Kf3 Kd6 55. g4 Nf6 56. Be4 g5 57. Bb7 Nd7 58. Be4 Nc5 59. Bc2 Ke5 60. Ke3 Ne6 61. Be4 Kd6 62. Bc2 Kd5 63. Be4+ Kd6 64. Bc2 Nc5 65. Kd4 f6 66. Ke3 Ke5 67. Kf3 Kd5 68. Ke3 Ne6 69. Be4+ Kd6 70. Bc2 Nf4 71. b3 cxb3 72. Bxb3 Nxh3 73. Bf7 Nf4 74. Kd4 Ne2+ 75. Kd3 Ng3 76. Kd4 f5 77. gxf5 Nxf5+ 78. Ke4 Ne7 79. Bb3 g4 80. Kf4 Nd5+ 81. Kxg4 Nxc3 82. Kf4 Kc5 83. Ke3 Nb1 84. a4 Kb4 85. axb5 Kxb5 86. Kd3 Kb4 87. Bd1 Nc3 88. Bc2 0-1

[Event "Hamburg-chA"]
[Site "Hamburg"]
[Date "2010.05.23"]
[Round "2.7"]
[White "Schroeder, Kai Uwe"]
[Black "Von Elsner, Mathias"]
[Result "1/2-1/2"]
[WhiteElo "1743"]
[BlackElo "1610"]
[PlyCount "61"]
[EventDate "2010.05.22"]
[EventType "swiss"]
[EventRounds "9"]
[EventCountry "GER"]
[SourceTitle "EXT 2011"]
[Source "ChessBase"]
[SourceDate "2010.11.26"]
[SourceVersion "1"]
[SourceVersionDate "2010.11.26"]
[SourceQuality "1"]

1. e4 e6 2. d4 d5 3. Nd2 Nf6 4. e5 Nfd7 5. f4 c5 6. Ndf3 Nc6 7. Ne2 b6 8. g3 Ba6 9. c3 Bxe2 10. Bxe2 a6 11. 0-0 Be7 12. Bd3 cxd4 13. cxd4 Nb4 14. Bb1 b5 15. a3 Nc6 16. Kh1 Qb6 17. f5 h6 18. fxe6 fxe6 19. Qd3 0-0-0 20. Be3 Na5 21. b3 Rhf8 22. Bd2 Nc6 23. b4 Rde8 24. Be3 Rf7 25. Ba2 Ref8 26. Kg2 Qd8 27. Bxd5 exd5 28. e6 Rf6 29. exd7+ Qxd7 30. Rac1 Kb7 31. Bf4 1/2-1/2